LDR 01180nam a2200193 4500 001 000000366888 003 CaOOAMICUS 005 20260317153718.0 008 260317s1947 it 000 u lat r 040 $aSeMil$bita 245 00$aCompendium vitae virtutum et miraculorum necnon actorum in causa canonizationis Beati Iosephi Cafasso confessoris sacerdotis saecularis collegii ecclesiastici taurinensis moderatoris :$bex tabulario Sacrae Rituum Congregationis. 264 1$a[Città del Vaticano] :$bTypis Polyglottis Vaticanis,$c1947. 300 $a12 p. ;$c27 cm 600 14$aCafasso, Giuseppe
.$0(OLS)http://semarc/subject/2590 850 $aSeMil 852 $aSeMil$W1$xVenegono$y1$m5C IX 1/18$j268610$B257643$CSeMilBibl$Z2$F257643 $8M 996 $6245$aCompendium vitae virtutum et miraculorum necnon actorum in causa canonizationis Beati Iosephi Cafasso confessoris sacerdotis saecularis collegii ecclesiastici taurinensis moderatoris :$bex tabulario Sacrae Rituum Congregationis$9(OLS)http://semarc/title/458686 996 $6264$a[Città del Vaticano] :$bTypis Polyglottis Vaticanis$9(OLS)http://semarc/publisher/34811